[Event "Tampere We HervS"]
[Site "Tampere"]
[Date "1998.??.??"]
[Round "4"]
[White "Franssila, Tommi"]
[Black "Lehtinen, Heikki"]
[Result "0-1"]
[WhiteElo "2225"]
[BlackElo "2190"]

1.d4 d6 2.e4 g6 3.Nc3 Bg7 4.f4 Nf6 5.Nf3 c5 6.dxc5 Qa5 7.Bd3 Qxc5 8.Qe2 Bg4
9.Be3 Qa5 10.O-O O-O 11.h3 Bxf3 12.Qxf3 Nc6 13.a3 Nd7 14.Bd2 Qb6+ 15.Kh1 Nc5
16.Rab1 Nxd3 17.cxd3 e6 18.f5 gxf5 19.exf5 Nd4 20.Qg3 Nxf5 21.Rxf5 exf5 22.Nd5 f4
23.Nf6+ Kh8 24.Qh4 h6 25.Bc3 Qb5 26.Qxf4 Qg5 27.Qf3 Rac8 28.Rf1 Qg6 29.Qf4 Bxf6
30.Bxf6+ Kh7 31.Bc3 Rc7 32.Qd4 f5 33.g4 Rcf7 34.gxf5 Qg3 35.Qg4 Rg8 36.Qxg3 Rxg3
37.Kh2 Rxd3 38.f6 d5 39.Rf5 Kg6 40.Rf4 h5 41.h4 Rd7 42.Bd4 a6 43.Kg2 Rc7
44.Bc3 Rc4 45.Rf2 Kf7 46.Re2 Re4 47.Rf2 Rxh4 48.Rc2 d4 49.Be1 Rg4+ 50.Kf2 Kxf6  0-1

[Event "Tampere ELO Taraus"]
[Site "Tampere"]
[Date "1998.??.??"]
[Round "7"]
[White "Penttinen, Jarkko"]
[Black "Nouro, Mikael"]
[Result "1/2-1/2"]
[WhiteElo "2280"]
[BlackElo "2320"]

1.e4 g6 2.d4 Bg7 3.Nc3 d6 4.f4 a6 5.a4 Nc6 6.Be3 Nf6 7.Nf3 O-O 8.e5 Ng4 9.Bg1 dxe5
10.dxe5 Nb4 11.Qe2 Nd5 12.Rd1 Nxc3 13.Rxd8 Nxe2 14.Rxf8+ Bxf8 15.Bxe2 h5
16.Bd3 Bd7 17.a5 e6 18.c3 Bc6 19.Ke2 Rd8 20.Ne1 Rd5 21.b4 Bh6 22.h3 Bxf4
23.hxg4 Rxe5+ 24.Kd1 hxg4 25.Bd4 Rh5 26.Rxh5 gxh5 27.c4 Bd6 28.b5 axb5 29.cxb5 Bd5
30.a6 bxa6 31.bxa6 e5 32.Bf2 e4 33.Bb5 Kf8 34.Bd7 Ke7 35.Bc8 c5 36.Bb7 Bxb7
37.axb7 Kd7 38.Bxc5 Bb8 39.Ke2 Kc6 40.Be7 Ba7 41.g3 Bb8 42.Bh4 Kxb7 43.Ke3 f5
44.Ng2 Kc6 45.Nf4 Ba7+ 46.Ke2 Kd6 47.Nxh5 Ke5 48.Bg5 Bb6 49.Bf4+ Ke6 50.Be3 Ba5
51.Bd4 Kf7 52.Nf4 Bb4 53.Ke3 Bd6 54.Ne2 Kg6 55.Bb6 Be5 56.Kf2 Bd6 57.Be3 Bc7
58.Ke1 Kf6 59.Kd2 Ba5+ 60.Kc2 Ke5 61.Kb3 Ke6 62.Kc4 Be1 63.Bf4 Ba5 64.Nd4+ Kf6
65.Kd5 Be1 66.Nc2 Bc3 67.Ne3 Bb2 68.Nc4 Bc3 69.Be3 Be1 70.Bd4+ Kg5 71.Be3+ Kf6
72.Bf4 Bc3 73.Kd6 Bb4+ 74.Kd7 Be1 75.Ne3 Ba5 76.Nd5+ Kf7 77.Be5 Bd2 78.Bf4 Ba5
79.Kd6 Bd8  1/2-1/2

[Event "Tampere ELO Taraus"]
[Site "Tampere"]
[Date "1998.??.??"]
[Round "9"]
[White "Kiltti, Jyrki"]
[Black "Paasikangas, Johanna"]
[Result "1/2-1/2"]
[WhiteElo "2190"]
[BlackElo "2285"]

1.Nc3 g6 2.e4 Bg7 3.d4 d6 4.Bc4 e6 5.Nge2 Ne7 6.h4 h5 7.Be3 c6 8.f3 Nd7 9.Qd2 d5
10.Bd3 dxe4 11.Nxe4 Nf6 12.Bg5 Nxe4 13.fxe4 e5 14.dxe5 Bxe5 15.O-O-O Be6
16.Kb1 Qb6 17.c3 Qa5 18.Nc1 b5 19.Bc2 c5 20.Rhf1 Qc7 21.Nd3 Bg7 22.Qf2 Rc8
23.Nf4 Bc4 24.Bxe7 Qxe7 25.Nd5 Qe6 26.Rfe1 O-O 27.b3 Bxd5 28.exd5 Qd6 29.Qf3 a5
30.g4 hxg4 31.Qxg4 c4 32.h5 cxb3 33.axb3 Rxc3 34.hxg6 fxg6 35.Qe6+ Qxe6 36.dxe6 Rg3
37.Rd5 Bc3 38.Red1 Re8 39.R5d3 Rxd3 40.Rxd3 b4 41.Rg3 Kf8 42.Rxg6 Ke7 43.Bd3 Rd8
44.Kc2 Rd6  1/2-1/2

[Event "Tatry op"]
[Site "Tatranska Lomnica"]
[Date "1998.??.??"]
[Round "4"]
[White "Hlavac, Rudolf"]
[Black "Petran, Peter"]
[Result "0-1"]
[WhiteElo "2150"]
[BlackElo "2420"]

1.e4 g6 2.d4 Bg7 3.Nc3 d6 4.Nf3 Nf6 5.Be2 O-O 6.O-O Bg4 7.e5 dxe5 8.Nxe5 Bxe2
9.Nxe2 Nfd7 10.Nxd7 Qxd7 11.c3 Na6 12.Be3 Rfd8 13.Ng3 Qd5 14.Qe2 c6 15.Rfe1 Rd7
16.b3 Nc7 17.Rad1 Qa5 18.c4 Ne6 19.d5 cxd5 20.cxd5 Rxd5 21.Rxd5 Qxd5 22.Rd1 Qc6
23.Rc1 Qd7 24.h4 h5 25.Ne4 a6 26.Nc5 Nxc5 27.Bxc5 e6 28.Bb6 Rc8 29.Rd1 Qc6
30.Qe3 Qc2 31.Rd2 Qf5 32.g3 Kh7 33.Kh2 Bh6 34.f4 e5 35.Rf2 exf4 36.gxf4 Rc2  0-1

[Event "ROM-chT"]
[Site "Timisu de Sus"]
[Date "1998.??.??"]
[Round "1"]
[White "Zatonskih, Anna"]
[Black "Klinova, Masha"]
[Result "1/2-1/2"]
[WhiteElo "2320"]
[BlackElo "2395"]

1.e4 g6 2.d4 Bg7 3.Nc3 d6 4.Be2 a6 5.h4 h5 6.Be3 Nf6 7.Nh3 b5 8.f3 Nbd7 9.Qd2 c5
10.dxc5 dxc5 11.e5 Nxe5 12.Qxd8+ Kxd8 13.O-O-O+ Ke8 14.Bxc5 Bxh3 15.Rxh3 Rc8
16.Bd4 Nc6 17.Be3 Nd7 18.Ne4 Nde5 19.Kb1 f5 20.Nc5 Nc4 21.Bxc4 bxc4 22.Nxa6 Kf7
23.Rhh1 Ra8 24.Nc5 Rhb8 25.b3 Nb4 26.Bd4 Nxa2 27.Bxg7 Kxg7 28.Rd7 Nc3+ 29.Kb2 Nb5
30.Re1 c3+ 31.Kb1 Re8 32.Na4 Rad8 33.Rxd8 Rxd8 34.Re5 Na3+ 35.Ka2 Nxc2 36.Nxc3 Rd2
37.Re2 Rxe2 38.Nxe2 Ne1 39.b4 Kf7 40.b5 Ke6 41.Nf4+ Kd6 42.b6 e5 43.Nxg6 Nxg2
44.Kb3 e4 45.fxe4 fxe4 46.Ne7  1/2-1/2

[Event "ROM-chT"]
[Site "Timisu de Sus"]
[Date "1998.??.??"]
[Round "3"]
[White "Andreescu, Nicoleta Aurora"]
[Black "Calota, Alina"]
[Result "1-0"]
[WhiteElo "2080"]
[BlackElo "2175"]

1.e4 g6 2.d4 Bg7 3.Nc3 d6 4.Nf3 a6 5.a4 Nf6 6.Be2 Nc6 7.O-O O-O 8.Be3 e5
9.dxe5 dxe5 10.Bg5 Qxd1 11.Rfxd1 Bg4 12.Rd2 Bxf3 13.Bxf3 Nd4 14.Bd1 h6 15.Be3 c5
16.a5 Rad8 17.f3 Rfe8 18.Na4 Bf8 19.c3 Nc6 20.Rxd8 Rxd8 21.Bxc5 Bxc5+ 22.Nxc5 Nxa5
23.b4 Nc4 24.Be2 Nd6 25.Rd1 Nfe8 26.f4 b6 27.fxe5 bxc5 28.exd6 cxb4 29.cxb4 Rxd6
30.Rxd6 Nxd6 31.e5 Nb5 32.Bxb5 axb5 33.Kf2 Kf8 34.Ke3 Ke7 35.Kd4 Ke6 36.Kc5 Kxe5
37.Kxb5 f5 38.Kc6 g5 39.b5 f4 40.b6 g4 41.b7  1-0

[Event "POL-ch U20 Girls"]
[Site "Trzebinia"]
[Date "1998.??.??"]
[Round "4"]
[White "Zawadzka, Magdalena"]
[Black "Rutkowska, Mariola"]
[Result "0-1"]
[WhiteElo "2050"]
[BlackElo "2055"]

1.e4 g6 2.d4 Bg7 3.Nc3 d6 4.Be3 a6 5.Qd2 b5 6.f3 Bb7 7.Nh3 Nd7 8.a4 b4 9.Nd1 a5
10.Bc4 d5 11.Bb3 Nb6 12.e5 Nc4 13.Bxc4 dxc4 14.Ng5 e6 15.Ne4 h6 16.Ndf2 Ne7
17.Qe2 Nf5 18.Rd1 Qe7 19.Bc1 Ba6 20.c3 Bb7 21.Qxc4 Bd5 22.Qb5+ c6 23.Qc5 O-O
24.Qxe7 Nxe7 25.Nc5 Nc8 26.cxb4 axb4 27.b3 Ra5 28.Nfd3 Ne7 29.Bd2 Nf5 30.Bxb4 Ra7
31.Bc3 Ne3 32.Rd2 h5 33.Kf2 Bh6 34.Rb2 Nf5 35.Re1 f6 36.Nb4 fxe5 37.Nxd5 exd5
38.Rxe5 Bf4 39.Re6 Bxh2 40.Rxg6+ Kh7 41.Rxc6 Rg8 42.Ne6 Bg3+ 43.Ke2 Ne7 44.Rc5 Bd6
45.Rb5 Rxg2+ 46.Kd3 Rg3 47.Rf2 h4 48.Ke2 h3 49.Rh2 Kg8 50.Be1 Rg6 51.Rxh3 Rxe6+
52.Kf2 Nf5 53.Rxd5 Bg3+ 54.Rxg3+ Nxg3 55.Rg5+ Rg7 56.Rxg7+ Kxg7 57.Kxg3 Rxe1
58.Kf4 Kf6 59.d5 Ra1 60.Ke4  0-1

[Event "POL-ch U20"]
[Site "Trzebinia"]
[Date "1998.??.??"]
[Round "11"]
[White "Hnydiuk, Aleksander"]
[Black "Mista, Aleksander"]
[Result "1-0"]
[WhiteElo "2355"]
[BlackElo "2240"]

1.e4 g6 2.d4 Bg7 3.Nc3 d6 4.f4 Nf6 5.Nf3 c5 6.Bb5+ Bd7 7.e5 Ng4 8.Bxd7+ Qxd7
9.d5 dxe5 10.h3 e4 11.Nxe4 Nf6 12.Nxf6+ Bxf6 13.O-O O-O 14.Be3 Qd6 15.Ng5 Nd7
16.Ne4 Qb6 17.Nxf6+ Nxf6 18.f5 Qxb2 19.Bxc5 Rfc8 20.Bd4 Qxc2 21.d6 Qxd1 22.Raxd1 Nd5
23.Bf2 Nc3 24.d7 Rd8 25.Rd3 Ne4 26.Bh4 g5 27.Bf2 Kf8 28.Rc1 f6 29.Rc7 Nxf2
30.Kxf2 b5 31.Rdc3 b4 32.Rc2 Kf7 33.Rc8 b3 34.axb3  1-0

[Event "RUS-ch sf"]
[Site "Tula"]
[Date "1998.??.??"]
[Round "2"]
[White "Cherniaev, Alexander"]
[Black "Sosulin, Eduard"]
[Result "1-0"]
[WhiteElo "2465"]
[BlackElo "2295"]

1.e4 g6 2.d4 Bg7 3.Nc3 d6 4.Be3 c6 5.f4 Qb6 6.Rb1 Nf6 7.Nf3 O-O 8.Qd2 Bg4
9.Be2 d5 10.e5 Ne4 11.Nxe4 dxe4 12.Ng1 Bxe2 13.Nxe2 Qa6 14.O-O f5 15.exf6 exf6
16.f5 Nd7 17.b3 Rfe8 18.c4 Rad8 19.Qc2 Qa3 20.Ng3 Qf8 21.Rbe1 Bh6 22.Bxh6 Qxh6
23.Nxe4 gxf5 24.Rxf5 Kh8 25.Re2 c5 26.Nd6 Rxe2 27.Qxe2 Qf8 28.Qe6 Kg7 29.Rf3  1-0

[Event "RUS-ch sf"]
[Site "Tula"]
[Date "1998.??.??"]
[Round "4"]
[White "Tishin, P."]
[Black "Zakharevich, Igor"]
[Result "0-1"]
[WhiteElo "2285"]
[BlackElo "2530"]

1.e4 g6 2.d4 Bg7 3.Nc3 d6 4.Be2 Nf6 5.h4 c5 6.dxc5 Qa5 7.Qd3 Qxc5 8.Be3 Qa5
9.O-O-O Nc6 10.h5 Ng4 11.hxg6 hxg6 12.Rxh8+ Bxh8 13.Bxg4 Bxg4 14.f3 Bxc3
15.fxg4 Bg7 16.Qb3 Qb4 17.Qxb4 Nxb4 18.a3 Nc6 19.Nf3 a6 20.g5 Kd7 21.Rh1 Rh8
22.Rxh8 Bxh8 23.c3 Ne5 24.Kc2 Nc4 25.Bc1 b5 26.b3 Na5 27.Bd2 Nb7 28.Be3 Kc6
29.c4 bxc4 30.bxc4 Na5 31.Kd3 Bb2 32.a4 Ba3 33.Nd4+ Kd7 34.Bd2 Nb7 35.Nb3 Bc5
36.a5 Bf2 37.Ke2 Bg1 38.Kd3 Nd8 39.Nd4 Bxd4 40.Kxd4 Kc6 41.Kd3 Nb7 42.Bb4 Kd7
43.Kd4 Nd8 44.Bd2 Ne6+ 45.Kd5 Nc5 46.Bb4 Nd3 47.Bd2 Kc7 48.Kd4 Nc5 49.Ke3 Kc6
50.Kd4 Nb3+ 51.Kd3 Kc5 52.Be1 Nc1+ 53.Kd2 Nb3+ 54.Kd3 e6 55.g3 e5 56.g4 Kc6
57.Bb4 Nd4 58.Bd2 Nb3 59.Bb4 Kd7 60.Kc3 Nd4 61.Kd3 Ne6 62.Bd2 Nc5+ 63.Ke3 Kc6
64.Be1 Ne6 65.Bh4 Kc5 66.Kd3 Kb4 67.Be1+ Kb3 68.Bf2 Nc5+ 69.Ke3 Kxc4 70.Be1 Nb3
71.Ke2 Kd4 72.Kf3 Nc5  0-1

[Event "RUS-ch sf"]
[Site "Tula"]
[Date "1998.??.??"]
[Round "8"]
[White "Yagupova, Lola"]
[Black "Sosulin, Eduard"]
[Result "0-1"]
[WhiteElo "2115"]
[BlackElo "2295"]

1.e4 g6 2.d4 Bg7 3.Nc3 d6 4.Be3 c6 5.Qd2 b5 6.Nf3 Nd7 7.Bd3 Qc7 8.h4 h5 9.O-O-O b4
10.Ne2 c5 11.e5 cxd4 12.Nexd4 Nxe5 13.Nxe5 Bxe5 14.Qxb4 Rb8 15.Qc4 Qb7 16.Qb5+ Bd7
17.Qxb7 Rxb7 18.c3 Bg7 19.Rhe1 Nf6 20.Bg5 e6 21.Bxg6 fxg6 22.Nxe6 Bxe6 23.Rxe6+ Kf7
24.Rdxd6 Nh7 25.Rxg6 Nxg5 26.hxg5 Re8 27.f4 Re1+ 28.Kd2 Rg1 29.Rge6 Rxg2+
30.Kd3 Re7 31.g6+ Ke8 32.f5 h4 33.Rxe7+ Kxe7 34.Re6+ Kd7 35.Ra6 Be5 36.f6 Rxg6
37.f7 Rg3+ 38.Ke4 Bg7 39.Rf6 Ke7 40.Rf4 h3 41.Rh4 Kxf7 42.Kf4 Rg2 43.Rxh3 Rxb2
44.Ke4 Rxa2 45.c4 Rd2 46.Rb3 Ke6 47.Ra3 Bd4 48.Ra6+ Kd7 49.Rh6 Bb6 50.Ke5 Kc7
51.Rh1 Kc6 52.Rc1 Re2+ 53.Kf4 Be3+  0-1

[Event "JUG Cup"]
[Site "Ulcinj"]
[Date "1998.??.??"]
[Round "1"]
[White "Ristic, Nenad"]
[Black "Strikovic, Aleksa"]
[Result "0-1"]
[WhiteElo "2400"]
[BlackElo "2565"]

1.e4 g6 2.d4 Bg7 3.Nc3 d6 4.Be3 a6 5.Qd2 Nd7 6.Nf3 b5 7.Bd3 c5 8.O-O-O c4
9.Be2 Bb7 10.a3 Ngf6 11.e5 Nd5 12.Ng5 Nxc3 13.Qxc3 h6 14.Bf3 Qc8 15.Bxb7 Qxb7
16.e6 hxg5 17.exd7+ Kxd7 18.Bxg5 Qxg2 19.h4 Qd5 20.Rhe1 e6 21.Re5 Qg2 22.Qe3 Qb7
23.Re4 Rae8 24.d5 exd5 25.Rxd5 Qxd5 26.Re7+ Rxe7  0-1

[Event "JUG Cup"]
[Site "Ulcinj"]
[Date "1998.??.??"]
[Round "4"]
[White "Ristic, Nenad"]
[Black "Pavlovic, Milos"]
[Result "1-0"]
[WhiteElo "2400"]
[BlackElo "2535"]

1.e4 g6 2.d4 d6 3.Nc3 Bg7 4.Nf3 Bg4 5.Be3 e6 6.h3 Bxf3 7.Qxf3 Ne7 8.O-O-O Nbc6
9.h4 h5 10.g4 e5 11.Bc4 Rf8 12.d5 Nd4 13.Bxd4 exd4 14.e5 a6 15.exd6 cxd6
16.Ne4 hxg4 17.Qf4 Nf5 18.Rde1 Kd7 19.Qxg4 Kc7 20.h5 Ne7 21.Qg3 Nf5 22.Qg4 Ne7
23.Qg2 Be5 24.Kb1 gxh5 25.Rxh5 Ng6 26.Rh7 Kb6 27.Qf3 Rc8 28.Bd3 Ka7 29.Reh1 Nf4
30.a3 Qa5 31.Ng5 Rc7 32.R7h4 Nxd5 33.Ne6 fxe6 34.Qxf8 Rc3 35.Rh8 Bxh8 36.Rxh8  1-0

[Event "Val Thorens op"]
[Site "Val Thorens"]
[Date "1998.??.??"]
[Round "?"]
[White "Wiley, Tom E"]
[Black "Horvath, Csaba"]
[Result "0-1"]
[WhiteElo "2270"]
[BlackElo "2535"]

1.e4 g6 2.d4 Bg7 3.Nc3 d6 4.Be3 a6 5.Qd2 b5 6.f3 Nd7 7.a4 b4 8.Nd1 Rb8 9.c4 e5
10.d5 Nc5 11.Bxc5 dxc5 12.Bd3 f5 13.Ne2 Bh6 14.Qc2 Qh4+ 15.g3 Qh5 16.O-O Nf6
17.Nc1 fxe4 18.Bxe4 O-O 19.Nb3 Nxe4 20.Qxe4 Bf5 21.Qxe5 Rbe8 22.g4 Rxe5 23.gxh5 Bh3
24.Nf2 Be3 25.Kh1 Bxf1  0-1

[Event "Vienna op 13th"]
[Site "Vienna"]
[Date "1998.??.??"]
[Round "?"]
[White "Forchert, Martin"]
[Black "Weissenbeck, Manuel"]
[Result "1-0"]
[WhiteElo "2300"]
[BlackElo "2195"]

1.e4 g6 2.d4 Bg7 3.Nc3 d6 4.g3 Nf6 5.Bg2 O-O 6.Nge2 c5 7.dxc5 dxc5 8.Qxd8 Rxd8
9.e5 Ng4 10.f4 Nc6 11.Bxc6 bxc6 12.h3 Nh6 13.Be3 f6 14.exf6 Bxf6 15.Bxc5 Bf5
16.Rc1 Rd7 17.g4 Be6 18.Kf2 Rf8 19.Rhd1 Rb7 20.b3 Nf7 21.Nd4 Bc8 22.Ne4 Ng5
23.Nxf6+ Rxf6 24.Ke3 Nxh3 25.g5 Rxf4 26.Nxc6 Bg4 27.Rd8+ Kf7 28.Re1 Rf5 29.Bd4 Nxg5
30.Ne5+ Rxe5+ 31.Bxe5 Rb5 32.Bf4 Ne6 33.Rd2 g5 34.Bg3 h5 35.c4 Ra5 36.Kd3 h4
37.Be5 Kg6 38.Kc3 Bf3 39.Bb8 Ra6 40.b4 Kf6 41.b5 Rb6 42.Bxa7 Rb7 43.Bf2 h3
44.Bg3 Nc5 45.Rd4 Ne6 46.Rd3 g4 47.Kb4 Ng7 48.Be5+ Kf7 49.Rf1 Nf5 50.Rdxf3 gxf3
51.Rxf3 Ke6 52.Bh2 Ra7 53.a4 Nd4 54.Rxh3 Nc2+ 55.Kc3 Na1 56.Rh6+ Kd7 57.Ra6  1-0

[Event "Donau op"]
[Site "Vienna"]
[Date "1998.??.??"]
[Round "1"]
[White "Szalanczy, Emil"]
[Black "Schwaninger, Ulrike"]
[Result "1-0"]
[WhiteElo "2380"]
[BlackElo "2045"]

1.e4 g6 2.d4 Bg7 3.Nc3 d6 4.Be3 Nc6 5.d5 Nb8 6.Qd2 c6 7.Nf3 h5 8.O-O-O Qa5
9.Bd4 Bh6 10.Be3 Bg7 11.e5 cxd5 12.Qxd5 Nc6 13.Qxa5 Nxa5 14.Nb5  1-0

[Event "Donau op"]
[Site "Vienna"]
[Date "1998.??.??"]
[Round "1"]
[White "Mayr, Thomas"]
[Black "Hangweyrer, Manfred"]
[Result "0-1"]
[WhiteElo "2060"]
[BlackElo "2385"]

1.e4 g6 2.d4 Bg7 3.Nc3 d6 4.h3 Nf6 5.Nf3 O-O 6.Be3 a6 7.a4 b6 8.Bc4 e6 9.O-O Bb7
10.d5 e5 11.Qd2 Nbd7 12.b4 a5 13.bxa5 Rxa5 14.Bb5 Nh5 15.Bh6 Nf4 16.Bxg7 Kxg7
17.Kh2 Nc5 18.g3 Nh5 19.Qe3 h6 20.Rg1 Nf6 21.Nd2 Nh7 22.Nb3 Ra8 23.Nxc5 bxc5
24.g4 Ng5 25.a5 Qc8 26.Bd3 f6 27.Qe2 Ba6 28.Bxa6 Rxa6 29.Rg3 Rh8 30.h4 Nf7
31.Nd1 Qa8 32.Qb5 h5 33.g5 fxg5 34.hxg5 h4 35.Rg4 Qc8 36.Ne3 Rh5 37.Rag1 Ra8
38.Qb2 Rxa5 39.f4 Qa6 40.c4 Ra2  0-1

[Event "Donau op"]
[Site "Vienna"]
[Date "1998.??.??"]
[Round "4"]
[White "Lau, Ralf"]
[Black "Petran, Peter"]
[Result "1-0"]
[WhiteElo "2475"]
[BlackElo "2335"]

1.e4 g6 2.d4 Bg7 3.Nc3 d6 4.f4 a6 5.Nf3 b5 6.Bd3 Nd7 7.e5 e6 8.Be3 Bb7 9.a4 b4
10.Ne4 Bxe4 11.Bxe4 d5 12.Bd3 a5 13.O-O Ne7 14.g4 f6 15.Qe2 f5 16.Ng5 Nf8
17.h3 h6 18.Nf3 c6 19.Rf2 Qb6 20.Rg2 Rg8 21.Kf2 Nd7 22.Rag1 Rf8 23.gxf5 exf5
24.Rxg6 Nxg6 25.Rxg6 Bh8 26.Nh4 O-O-O 27.e6 Bxd4 28.exd7+ Kb7 29.Rg7 Qc7
30.Bxd4 Qxf4+ 31.Nf3  1-0

[Event "Villa Martelli"]
[Site "Villa Martelli"]
[Date "1998.??.??"]
[Round "7"]
[White "Rodriguez, Andres URU"]
[Black "Ginzburg, Maximiliano"]
[Result "1-0"]
[WhiteElo "2475"]
[BlackElo "2470"]

1.e4 g6 2.d4 Bg7 3.Nc3 d6 4.Be3 a6 5.Qd2 b5 6.O-O-O Bb7 7.f3 Nd7 8.h4 h5
9.Nh3 Rc8 10.Ng5 c5 11.dxc5 Nxc5 12.Bd4 Nf6 13.Kb1 Ncd7 14.g3 O-O 15.Rg1 b4
16.Nd5 e5 17.Nxf6+ Nxf6 18.Qxb4 exd4 19.Qxb7 Rb8 20.Qxa6 Nd7 21.Qxd6 Qa5
22.Bc4 Rxb2+ 23.Kxb2 d3+ 24.Kc1 Ne5 25.Bxd3 Rd8 26.Qa6 Qc3 27.Qb5 Bf8 28.Kb1 Bd6
29.Qb3 Rb8 30.Bb5 Qc5 31.a4 Qc7 32.Rd5  1-0

[Event "CHI-ch"]
[Site "Vina del Mar"]
[Date "1998.??.??"]
[Round "4"]
[White "Egger, Jorge"]
[Black "Frey, Hugo"]
[Result "1-0"]
[WhiteElo "2400"]
[BlackElo "2215"]

1.e4 g6 2.d4 Bg7 3.Nc3 d6 4.f4 Nf6 5.Nf3 O-O 6.Bd3 Nc6 7.e5 dxe5 8.fxe5 Ng4
9.h3 Nh6 10.d5 Nb4 11.Bc4 c6 12.Bg5 cxd5 13.Bxd5 Nxd5 14.Nxd5 f6 15.exf6 exf6
16.Nxf6+ Bxf6 17.Qxd8 Bxd8 18.Bxh6 Re8+ 19.Kd2 Bf6 20.Rae1 Bf5 21.Rxe8+ Rxe8
22.c3 Rd8+ 23.Kc1 Rd7 24.Re1 Kf7 25.Be3 Rd6 26.Bd4 Bd8 27.b3 b6 28.Kb2 Re6
29.Ne5+  1-0

[Event "CHI-ch"]
[Site "Vina del Mar"]
[Date "1998.??.??"]
[Round "7"]
[White "Rojas, Luis"]
[Black "Frey, Hugo"]
[Result "1-0"]
[WhiteElo "2455"]
[BlackElo "2215"]

1.e4 g6 2.d4 Bg7 3.Nc3 d6 4.Be3 c6 5.Qd2 b5 6.O-O-O Qa5 7.Kb1 b4 8.Nce2 Nd7
9.Nc1 Rb8 10.h4 h5 11.Nh3 Ngf6 12.f3 Nb6 13.Nb3 Qa4 14.Ng5 O-O 15.Be2 Ba6
16.g4 Bxe2 17.Qxe2 Nbd7 18.e5 dxe5 19.dxe5 Nd5 20.gxh5 Nxe5 21.hxg6 Nxg6
22.Bd4 e5 23.Bc5 Ngf4 24.Qc4 Rfd8 25.h5 Nxh5 26.Rdg1 Nhf6 27.Qh4 Nf4 28.Ne4  1-0

[Event "Vlissingen HZ op"]
[Site "Vlissingen"]
[Date "1998.??.??"]
[Round "3"]
[White "De Heer, Machiel"]
[Black "Gurevich, Mikhail"]
[Result "0-1"]
[WhiteElo "2315"]
[BlackElo "2635"]

1.e4 d6 2.d4 g6 3.Nc3 Bg7 4.Be3 a6 5.Qd2 b5 6.a4 b4 7.Nd1 Nf6 8.f3 a5 9.c3 bxc3
10.bxc3 O-O 11.Bd3 c6 12.Ne2 Nbd7 13.Bh6 e5 14.Bxg7 Kxg7 15.O-O d5 16.Ne3 Re8
17.Ng3 Kg8 18.Bc2 Ba6 19.Rfe1 dxe4 20.fxe4 Nc5 21.d5 cxd5 22.exd5 Rc8 23.Rad1 Kh8
24.Kh1 Nb7 25.Bd3 Bxd3 26.Qxd3 Nd6 27.c4 h5 28.Rf1 h4 29.Ne2 Nfe4 30.Nc3 Nc5
31.Qe2 Qg5 32.Qf3 f5 33.Rb1 Nce4 34.Nxe4 Nxe4 35.Rbd1 Red8 36.Rfe1 Rd7 37.Qe2 Re8
38.Qb2 f4 39.Nf1 Ng3+ 40.hxg3 hxg3 41.Kg1 Rh7 42.Qb5 Ree7 43.Qb8+ Kg7 44.Nd2 Qh5
45.Kf1 e4 46.Nf3 Qh1+ 47.Ng1 Rh2 48.Rd2 e3 49.Qxf4 Rh4 50.Qxg3 Rf7+ 51.Ke2 exd2
52.Kxd2 Rh2 53.Ne2 Qxg2 54.Qe5+ Kh7 55.Rg1 Qxg1  0-1

[Event "Vlissingen HZ op"]
[Site "Vlissingen"]
[Date "1998.??.??"]
[Round "5"]
[White "Strijbos, Maarten"]
[Black "Davies, Nigel R"]
[Result "0-1"]
[WhiteElo "2335"]
[BlackElo "2515"]

1.e4 g6 2.d4 Bg7 3.Nc3 d6 4.Be3 a6 5.a4 Nc6 6.h3 e5 7.Nf3 exd4 8.Nxd4 Nf6
9.Nxc6 bxc6 10.Bd3 Rb8 11.Qc1 O-O 12.O-O Re8 13.a5 Qe7 14.Bg5 Qf8 15.Kh1 Nd7
16.f4 h6 17.Bh4 Nc5 18.e5 Nxd3 19.cxd3 dxe5 20.Ne4 exf4 21.Qxf4 g5 22.Bxg5 hxg5
23.Nxg5 Bh6 24.Rf3 Rb5 25.h4 Bxg5 26.hxg5 Qg7 27.Raf1 Be6 28.Rg3 Rf5 29.Qc1  0-1

[Event "GER-ch int Seniors"]
[Site "Weilburg"]
[Date "1998.??.??"]
[Round "4"]
[White "Dahlhaus, Friedhelm"]
[Black "Lainburg, Victor"]
[Result "0-1"]
[WhiteElo "2180"]
[BlackElo "2230"]

1.e4 g6 2.d4 Bg7 3.Nc3 d6 4.f4 c6 5.Nf3 b5 6.Bd3 Nd7 7.Be3 Nb6 8.O-O Nf6
9.Kh1 O-O 10.Qe1 a5 11.Rd1 Be6 12.b3 Bg4 13.Qg3 b4 14.Nb1 Qc7 15.Nbd2 Bxf3
16.Nxf3 c5 17.dxc5 dxc5 18.h3 c4 19.bxc4 Nxc4 20.Bd4 Nh5 21.Qf2 Nb2 22.Bxb2 Bxb2
23.g3 Rac8 24.e5 Ng7 25.Kh2 f6 26.exf6 exf6 27.Rfe1 Bc3 28.Re4 Qf7 29.Qe2 Kh8
30.Bc4 Qc7 31.Bb3 Rcd8 32.Re7 Qc5 33.Rd3 Qc6 34.Kg2 a4 35.Be6 Rxd3 36.cxd3 Re8
37.Rxe8+ Qxe8  0-1

[Event "POL-chT2"]
[Site "Wisla"]
[Date "1998.??.??"]
[Round "?"]
[White "Jalowiec, Halina"]
[Black "Kuchta, Danuta"]
[Result "1-0"]
[WhiteElo "2155"]
[BlackElo "2065"]

1.e4 g6 2.d4 d6 3.Nc3 Bg7 4.f4 e6 5.Nf3 Ne7 6.Be3 Nd7 7.Qd2 a6 8.a4 b6 9.Be2 Bb7
10.Rd1 O-O 11.O-O d5 12.e5 c5 13.g4 Qc7 14.Qe1 cxd4 15.Nxd4 Nc5 16.Bf3 Nc6
17.Qf2 Rac8 18.h4 Nxd4 19.Bxd4 f6 20.exf6 Bxf6 21.Bg2 Ne4 22.Nxe4 dxe4 23.c3 e5
24.Bxb6 Qe7 25.g5 Bg7 26.Qe3 exf4 27.Rxf4 Rxf4 28.Qxf4 Qe8  1-0

[Event "POL-chT2"]
[Site "Wisla"]
[Date "1998.??.??"]
[Round "?"]
[White "Hnydiuk, Aleksander"]
[Black "Blaszczuk, Zygmunt"]
[Result "1-0"]
[WhiteElo "2310"]
[BlackElo "2200"]

1.e4 g6 2.d4 Bg7 3.Nc3 d6 4.f4 Nc6 5.Be3 Nf6 6.Be2 O-O 7.Nf3 e5 8.dxe5 Ng4
9.Bg1 dxe5 10.h3 Nf6 11.Qxd8 Rxd8 12.fxe5 Nd7 13.O-O-O Ndxe5 14.Nd5 Be6 15.Bh2 Rd7
16.Bb5 f6 17.Bxc6 bxc6 18.Nxf6+ Bxf6 19.Bxe5 Rf7 20.Bxf6 Rxf6 21.Rd3 Rf4
22.Ng5 Bc4 23.Rd7 h6 24.Nf3 Rxe4 25.Nd2 Rf4 26.Nxc4 Rxc4 27.Re1 Rf4 28.Rxc7 Rf6
29.b3 a5 30.a4 Rd8 31.Re5 Ra8 32.h4 h5 33.Rc5 Ra6 34.Rg5 Kf8 35.Kb2 Ra8 36.Rc5 Ra6
37.Rg5 Ra8 38.Rh7 Kg8 39.Rhxh5 Kg7 40.Rxa5 gxh5 41.Rxa8 Rg6 42.a5 Rxg2 43.a6 Kh7
44.a7  1-0

[Event "POL-chT2"]
[Site "Wisla"]
[Date "1998.??.??"]
[Round "?"]
[White "Kardys, Zbigniew"]
[Black "Dubas, L."]
[Result "0-1"]
[WhiteElo "2180"]
[BlackElo "2220"]

1.e4 g6 2.d4 Bg7 3.Nc3 d6 4.Nf3 Nf6 5.Bg5 h6 6.Bf4 Nc6 7.Qd2 g5 8.Be3 Ng4
9.O-O-O Nxe3 10.fxe3 Bf6 11.Nd5 Bg7 12.Bc4 e6 13.Nc3 g4 14.Ng1 Bd7 15.Nge2 Qe7
16.Nf4 h5 17.h3 O-O-O 18.Be2 Qg5 19.h4 Qa5 20.Kb1 Kb8 21.Rhf1 e5 22.Nxh5 Rxh5
23.Rxf7 exd4 24.exd4 Bxd4 25.Rxd7 Rxd7 26.Bxg4 Bxc3 27.bxc3 Rb5+ 28.Ka1 Rd8
29.h5 Rg5 30.Bf3 Qe5 31.Qe3 Qf6 32.Rg1 Ne5 33.Qd4 c5 34.Qd5 b6 35.Qb3 Nxf3
36.gxf3 Rxh5 37.a4 Qxf3 38.a5 c4 39.Qa3 Rh3 40.Kb2 Qxe4 41.axb6 axb6 42.Ra1 Qb7
43.Qb4 Rh5 44.Qxc4 Rc5 45.Qh4 Rdc8 46.Ra3 Qd5 47.Rb3 Rb5 48.Qf2 Qc5 49.Qf3 Rxb3+
50.cxb3 Qxc3+ 51.Qxc3 Rxc3 52.Kxc3 Kc7 53.Kd4 Kc6 54.Kc4 d5+ 55.Kb4 Kd6 56.Kc3 Kc5
57.Kd3 Kb4 58.Kd4 Kxb3 59.Kxd5 b5  0-1

[Event "POL-chT2"]
[Site "Wisla"]
[Date "1998.??.??"]
[Round "?"]
[White "Madynski, Pawel"]
[Black "Blaszczuk, Zygmunt"]
[Result "0-1"]
[WhiteElo "2190"]
[BlackElo "2200"]

1.e4 g6 2.d4 Bg7 3.Nc3 d6 4.h3 a6 5.Nge2 b5 6.a3 Bb7 7.g4 Nf6 8.Bg2 h5 9.g5 Nh7
10.h4 Nd7 11.Be3 c5 12.Qd2 O-O 13.f4 cxd4 14.Nxd4 e5 15.Nf3 exf4 16.Bxf4 Nb6
17.O-O-O Nc4 18.Qd3 Qa5 19.Nd4 Rac8 20.Bh3 b4 21.Bxc8 Nxb2 22.Kxb2 Qxa3+
23.Kb1 bxc3 24.Bc1 Qb4+ 25.Ka2 Rxc8 26.Ba3 Qa4 27.Rhe1 d5 28.e5 Bf8 29.Kb1 Qxa3  0-1

[Event "POL-chT2"]
[Site "Wisla"]
[Date "1998.??.??"]
[Round "?"]
[White "Masternak, Aleksander"]
[Black "Blaszczuk, Zygmunt"]
[Result "1-0"]
[WhiteElo "2220"]
[BlackElo "2200"]

1.d4 g6 2.e4 Bg7 3.Nc3 d6 4.f4 Nc6 5.Be3 Nf6 6.Nf3 O-O 7.e5 dxe5 8.dxe5 Ng4
9.Bg1 h5 10.Bd3 Nb4 11.Be4 Na6 12.h3 Nh6 13.Bf2 c6 14.Qxd8 Rxd8 15.Ke2 Kf8
16.Rhd1 Ke8 17.Rxd8+ Kxd8 18.Rd1+ Ke8 19.Nd4 Bf5 20.Nxf5 Nxf5 21.g4 hxg4
22.hxg4 Nh6 23.Rg1 Kf8 24.Be3 e6 25.Bd3 Ng8 26.Bxa6 bxa6 27.Ne4 Rb8 28.b3 Rb7
29.Bc5+ Ne7 30.Nf6 Rb5 31.Rd1  1-0

[Event "POL-chT2"]
[Site "Wisla"]
[Date "1998.??.??"]
[Round "?"]
[White "Murawski, Grzegorz"]
[Black "Bus, Mariusz"]
[Result "1/2-1/2"]
[WhiteElo "2300"]
[BlackElo "2370"]

1.e4 d6 2.d4 g6 3.Nc3 Bg7 4.Bc4 Nc6 5.Nf3 Nf6 6.Qe2 Bg4 7.Be3 O-O 8.Bb3 e5
9.dxe5 dxe5 10.Rd1 Nd4 11.Bxd4 exd4 12.O-O Nd7 13.Nb5 c5 14.h3 Bxf3 15.Qxf3 a6
16.Na3 b5 17.Bd5 Rb8 18.c3 dxc3 19.bxc3 Qa5 20.Nb1 c4 21.Qe3 Qb6 22.Qg3 Be5
23.Qg5 Kg7 24.Kh1 Qf6 25.Qg4 Nb6 26.f4 Bc7 27.e5 Qe7 28.Bf3 f6 29.Qh4 Rbe8
30.exf6+ Qxf6 31.Qxf6+ Rxf6 32.Bb7 Rxf4 33.Rxf4 Bxf4 34.Bxa6 Ra8 35.Bxb5 Rxa2
36.Kg1 Kf6 37.g3 Be3+ 38.Kh1 Ke5 39.Bc6 Bh6 40.Bg2 Bg5 41.h4 Bh6 42.Kh2 Rc2
43.Kh3 Rc1 44.Rxc1 Bxc1 45.Kg4 Nd5 46.Kf3 Nf6 47.Bf1 Kd5 48.Be2 Nd7 49.Bf1 Ne5+
50.Ke2 Ke4  1/2-1/2

[Event "POL-chT2"]
[Site "Wisla"]
[Date "1998.??.??"]
[Round "?"]
[White "Panas, Pawel"]
[Black "Kubien, Jerzy"]
[Result "0-1"]
[WhiteElo "2175"]
[BlackElo "2280"]

1.e4 g6 2.Nc3 Bg7 3.d4 d6 4.Be3 c6 5.g3 Nf6 6.h3 O-O 7.Bg2 Na6 8.Nge2 Qc7
9.O-O b5 10.a3 Rb8 11.Qd2 c5 12.Rad1 b4 13.axb4 cxb4 14.Nb1 Bb7 15.f3 Nd7
16.Rc1 Nb6 17.b3 Qd7 18.Rf2 Rfc8 19.Kh2 Qb5 20.h4 Qa5 21.g4 Nc7 22.Bh3 Nb5
23.h5 Rc7 24.hxg6 hxg6 25.Rg2 Nd7 26.Ng3 e6 27.Ne2 Rbc8 28.g5 d5 29.e5 Ba6
30.Nf4 Qb6 31.Bg1 Nc3 32.Nxc3 Rxc3 33.Nxd5 exd5 34.Bxd7 R8c7 35.Bg4 Bc8 36.Bxc8 Rxc8
37.Kg3 Qe6 38.Qf4 a6 39.Rh2 a5 40.Re2 Qa6 41.Qd2 a4 42.bxa4 b3 43.Qd1 Bf8
44.e6 fxe6 45.Be3 Ba3 46.Rh2 Rxe3 47.Qh1 Bd6+ 48.Kg4 Bxh2 49.Qxh2 Qe2 50.Qh3  0-1